00565nam a22001577a 450000500170000001000170001702000260003403500170006003700240007708200110010110000190011224501510013126000360028227000610031830000280037920120119112242.0 aB-445429-433 a9788178243429c395.00 aB-445429-433 adplbAllied Pub/Ven a861.08 aKosambi, Meera aFeminist vision or 'Treason Against Men'? :bKashibai kanitkar and the Engendering of Marathi Literature /ctranslated and edited by Meera Kosambi aRanikhetbPermanent Blackc2011 aHimalayana, Mall Road, Ranikhet Cantt,bRanikhete263645 a339p.bill.c22cm.(pbk)